LEADER 01644nam a2200289 u 4500 001 000000060952 003 CaOOAMICUS 005 20070226120954.0 008 010827s1998 it u000 u eng u 035 $a10900104 040 $aPUL(R)$bita 100 1 $aBruel Rotor, Cecilio Julian.$0(OLS)http://pul/name/41579 245 13$aAn analysis of the permanently established apostolic administration (in the light of the 1983 CIC and other documents) :$ba pastoral juridical structure in a politically difficult situation /$cCecilio Julian Bruel Rotor. 260 $aRomae :$b[s.n.],$c1998. 300 $a279 p. ;$c24 cm 500 $aIn testa al front.: "Pontificia Studiorum Universitas a S. Thoma Aq. in Urbe". 502 $aDiss. ad lauream -- Pontificia Universitas S. Thomae in Urbe. Facultas iuris canonici, 1998. 504 $aBibliografia: p. [267]-279. 610 14$aSanta Sede$xPolitica e governo$ySec. XX.$0(OLS)http://pul/subject/17829 650 4$aDiritto canonico.$0(OLS)http://pul/subject/1294 710 2 $aPontificia Studiorum Universitas a Sancto Thoma Aquinate in Urbe.$0(OLS)http://pul/name/1609 850 $aPUL 852 $aPUL$W1$xDP1 Tesi Pon. Univ. S. Tommaso$y44$mTH S.THOM 1088$j79515$nBK-PRI$b $qTesi$B79515$CPULBib$Z2$F79515 $H $81 941 1 $a16 961 $aINV: 83932 996 $6245$aAn analysis of the permanently established apostolic administration (in the light of the 1983 CIC and other documents) :$ba pastoral juridical structure in a politically difficult situation$9(OLS)http://pul/title/81429 996 $6260$aRomae :$b[s.n.]$9(OLS)http://pul/publisher/48223 LEADER 01310nam a2200313 u 4500 001 000000049155 003 CaOOAMICUS 005 20070226115059.0 008 000619s1948 it u000 u ita u 035 $a10850379 040 $aMSA$bita$dPUL(R) 100 1 $aParonetto, Sergio,$d1911-1945.$0(OLS)http://pul/name/35589 245 10$aAscetica dell'uomo d'azione /$cSergio Paronetto ; prefazione di G.B. Montini. 260 $aRoma :$bStudium,$c1948. 300 $a130 p. ;$c21 cm 490 1 $aCollezione dell'orsa ;$v11 650 4$aPerfezione.$0(OLS)http://pul/subject/5636 700 0 $aPaulus PP.$bVI,$cs.,$d1897-1978.$0(OLS)http://pul/name/1432 830 0$aCollezione dell'orsa ;$v11.$0(OLS)http://pul/title/15944 850 $aPUL 852 $aPUL$W1$xDP1 Fondo Maccarrone$y58$m1527 D 6$j65361$nBK-PRI$b $qFondi$B65361$CPULBib$Z2$F65361 $H $81 900 $aMontini, Giovanni Battista,$cs.,$d1897-1978$91432 900 $aPaolo$bVI,$cpapa, b.,$d1897-1978$91432 910 $aPapi (1963-1978 : Paulus PP. VI)$91432 910 $aPapi (1963-1978 : Paulus PP. VI)$91432 941 1 $a1 961 $aINV: F. Maccarrone 996 $6245$aAscetica dell'uomo d'azione$9(OLS)http://pul/title/66276 996 $6260$aRoma :$bStudium$9(OLS)http://pul/publisher/47892